El mapuche o araucano: fonología, gramática y antología de cuentos
Salvato in:
| Autore principale: | |
|---|---|
| Natura: | Libro |
| Lingua: | spagnolo |
| Pubblicazione: |
Madrid
Mapfre
1992
|
| Serie: | Colección Lenguas y Literaturas Indigenas, 3
|
| Soggetti: | |
| Tags: |
Aggiungi Tag
Nessun Tag, puoi essere il primo ad aggiungerne!!
|
MARC
| LEADER | 00000nam a2200000 a 4500 | ||
|---|---|---|---|
| 001 | UCX6596 | ||
| 003 | CL-VaPUC | ||
| 008 | 930728e19920000SP |||||||||||||||||spa|d | ||
| 082 | 0 | 4 | |a 498.3 |b SAL |2 21 |
| 100 | 0 | |a Salas, Adalberto |e author |9 323186 | |
| 245 | 1 | 3 | |a El mapuche o araucano: fonología, gramática y antología de cuentos |
| 300 | |a 398 p | ||
| 942 | |c BK | ||
| 945 | |d 19930728 00:00:00 | ||
| 260 | |a Madrid |b Mapfre |c 1992 | ||
| 650 | 0 | |a Araucano |v Gramática |9 323187 | |
| 583 | |a last modification |c 19930728 00:00:00 |k Rodrigo Vera | ||
| 490 | 0 | |a Colección Lenguas y Literaturas Indigenas, 3 | |
| 999 | |c 226594 |d 226592 | ||
| 952 | |0 0 |1 0 |4 0 |6 498_300000000000000_SAL_1992 |7 0 |8 A |9 225089 |a BIBHIS |b BIBHIS |d 2019-11-15 |i 2937883 |o 498.3 SAL 1992 |p 2937883 |r 2025-01-20 |w 2019-11-15 |y BK |k HIS | ||